पूर्व मध्यकालीन लोक जीवन एवं संस्कृति / (Record no. 50130)

MARC details
000 -LEADER
fixed length control field 01149nam a22002537a 4500
005 - DATE AND TIME OF LATEST TRANSACTION
control field 20110127111440.0
008 - FIXED-LENGTH DATA ELEMENTS--GENERAL INFORMATION
fixed length control field 110127t xxu||||| |||| 00| 0 hin d
010 ## - LCCN (DPL NO)
LC control number HIN-91638
020 ## - INTERNATIONAL STANDARD BOOK NUMBER
International Standard Book Number 9788172112776
Terms of availability 850.00
020 ## - INTERNATIONAL STANDARD BOOK NUMBER
International Standard Book Number 8172112777
035 ## - SYSTEM CONTROL NUMBER
System control number HN-63984
037 ## - SOURCE OF ACQUISITION
Source of stock number/acquisition DBAD / PUB
040 ## - CATALOGING SOURCE
Original cataloging agency DPL
Language of cataloging HN
082 ## - DEWEY DECIMAL CLASSIFICATION NUMBER
Classification number 398.1
100 ## - MAIN ENTRY--PERSONAL NAME
9 (RLIN) 25632
Personal name चौबे, नीता
245 ## - TITLE STATEMENT
Title पूर्व मध्यकालीन लोक जीवन एवं संस्कृति /
Statement of responsibility, etc नीता चौबे
260 ## - PUBLICATION, DISTRIBUTION, ETC. (IMPRINT)
Place of publication, distribution, etc नई दिल्ली
Name of publisher, distributor, etc नार्दर्न बुक सेंटर
Date of publication, distribution, etc 2009
270 ## - ADDRESS
Address 4221/1, अंसारी रोड, दरियागंज
City नई दिल्ली
Postal code 110002
Telephone number 011- 23264519
Fax number 011- 23252651
Electronic mail address nbcnd@ndb.vsnl.net.in
300 ## - PHYSICAL DESCRIPTION
Extent 261पृ.
Dimensions 22सेमी (सजिल्द)
650 ## - SUBJECT ADDED ENTRY--TOPICAL TERM
9 (RLIN) 657
700 ## - ADDED ENTRY--PERSONAL NAME
9 (RLIN) 25634
942 ## - ADDED ENTRY ELEMENTS (KOHA)
Source of classification or shelving scheme Dewey Decimal Classification
Item type Hindi Books
Classification part 398.1
Call number suffix चौबेनी
Holdings
Withdrawn status Lost status Source of classification or shelving scheme Damaged status Not for loan Collection code Home library Current library Date acquired Source of acquisition Cost, normal purchase price Total Checkouts Full call number Barcode Date last seen Copy number Cost, replacement price Koha item type
    Dewey Decimal Classification   Not For Loan Non-fiction D.B.Act.Division D.B.Act.Division 27/01/2011 DBAD /PUB] 850.00   398.1 चौबेनी HN-63984 27/01/2011 1 850.00 Hindi Books

© Delhi Public Library
Hit Counter
free hit counter